| 000 | 01588cam a22002414a 4500 | ||
|---|---|---|---|
| 001 | 4367 | ||
| 003 | FISKH | ||
| 005 | 20240813093433.0 | ||
| 008 | 060302q19501959ir 000 f per | ||
| 010 | _a 2006550895 | ||
| 040 |
_aDLC-R _cDLC-R _beng _dFISKH |
||
| 050 | _aPR6029.R8 | ||
| 082 | _a823.912 | ||
| 100 | 1 |
_aOrwell, George, _d1903-1950. |
|
| 245 |
_a1984 / _cBy George Orwell |
||
| 260 |
_aPhnom Penh : _bFootprints International School, _c2024. |
||
| 300 |
_a393 pages : _c21 cm |
||
| 520 | _aIn 1984, London is a grim city in the totalitarian state of Oceania where Big Brother is always watching you and the Thought Police can practically read your mind. Winston Smith is a man in grave danger for the simple reason that his memory still functions. Drawn into a forbidden love affair, Winston finds the courage to join a secret revolutionary organization called The Brotherhood, dedicated to the destruction of the Party. Together with his beloved Julia, he hazards his life in a deadly match against the powers that be. Lionel Trilling said of Orwell's masterpiece, "1984 is a profound, terrifying, and wholly fascinating book. It is a fantasy of the political future, and like any such fantasy, serves its author as a magnifying device for an examination of the present." Though the year 1984 now exists in the past, Orwell's novel remains an urgent call for the individual willing to speak truth to power. | ||
| 650 |
_aBig brother _vDystopia _xScience Fiction |
||
| 906 |
_a7 _bcbc _corignew _d3 _encip _f20 _gn-rlinjack |
||
| 942 |
_2ddc _cBK _n0 |
||
| 999 |
_c4367 _d4367 |
||